Adventures in the Revolution and under the Consulate / (Registro nro. 39811)
[ vista simple ]
| 000 -CABECERA | |
|---|---|
| campo de control de longitud fija | 00875nam a2200217 a 4500 |
| 001 - NÚMERO DE CONTROL | |
| campo de control | 000040321 |
| 005 - FECHA Y HORA DE LA ÚLTIMA TRANSACCIÓN | |
| campo de control | 20201002034045.0 |
| 008 - DATOS DE LONGITUD FIJA--INFORMACIÓN GENERAL | |
| campo de control de longitud fija | 130821s1970 xxuab 000 0 spa d |
| 040 ## - FUENTE DE LA CATALOGACIÓN | |
| Centro catalogador/agencia de origen | DO-SdBNP |
| Lengua de catalogación | spa |
| Centro/agencia transcriptor | BNPHU |
| 041 17 - CÓDIGO DE LENGUA | |
| Código de lengua del texto/banda sonora o título independiente | eng |
| 082 ## - NÚMERO DE LA CLASIFICACIÓN DECIMAL DEWEY | |
| Número de clasificación | nnnn |
| Número de documento/Ítem | M837a |
| 100 1# - ENTRADA PRINCIPAL--NOMBRE DE PERSONA | |
| Nombre de persona | Moreau de Jonnès, Alexandre, |
| Fechas asociadas al nombre | 1778-1870. |
| 9 (RLIN) | 66609 |
| 240 10 - TÍTULO UNIFORME | |
| Título uniforme | Aventures de guerre au temps de la République et du Consulat. |
| Lenguaje de la obra | English |
| 245 10 - MENCIÓN DE TÍTULO | |
| Título | Adventures in the Revolution and under the Consulate / |
| Mención de responsabilidad, etc. | Moreau de Jonnès ; translated by Cyril Hammond. With an introd. by Michael Glover. |
| 260 ## - PUBLICACIÓN, DISTRIBUCIÓN, ETC. | |
| Lugar de publicación, distribución, etc. | Washington : |
| Nombre del editor, distribuidor, etc. | Praeger Publishers, |
| Fecha de publicación, distribución, etc. | 1970. |
| 300 ## - DESCRIPCIÓN FÍSICA | |
| Extensión | xvi, 248 p. : |
| Otras características físicas | il., mapas ; |
| Dimensiones | 23 cm. |
| 500 ## - NOTA GENERAL | |
| Nota general | Translation of Aventures de guerre au temps de la République et du Consulat. |
| 590 ## - NOTA LOCAL (RLIN) | |
| Nota local | Inventariado, 2019 /LP |
| 700 1# - PUNTO DE ACCESO ADICIONAL--NOMBRE DE PERSONA | |
| Nombre de persona | Hammond, Cyril, |
| Término indicativo de función/relación | tr. |
| 9 (RLIN) | 66610 |
| 700 1# - PUNTO DE ACCESO ADICIONAL--NOMBRE DE PERSONA | |
| Nombre de persona | Glover, With |
| 9 (RLIN) | 66611 |
| Estado de retiro | Estado de pérdida | Restricciones de uso | No para préstamo | Código de colección | Localización permanente | Ubicación/localización actual | Ubicación en estantería | Fecha de adquisición | Número de inventario | Total de préstamos | Signatura topográfica completa | Código de barras | Fecha visto por última vez | Precio válido a partir de | Tipo de ítem Koha |
|---|---|---|---|---|---|---|---|---|---|---|---|---|---|---|---|
| Excluido de préstamo | Monografías: Libros y Folletos | General | General | Depósito | 21.08.2013 | LF1 | nnnn M837a | 40321-10 | 25.06.2020 | 25.06.2020 | No se presta |
